| 000 | 00991nam a22003017a 4500 | ||
|---|---|---|---|
| 001 | 6035 | ||
| 003 | FISKH | ||
| 005 | 20250226110437.0 | ||
| 008 | 250226b cb ||||| |||| 00| 0 eng d | ||
| 020 | _a0439201349 | ||
| 040 |
_aFISKH _beng _cFISKH _dFISKH |
||
| 050 | _a PZ7.B16922 | ||
| 082 | _a657 | ||
| 100 |
_aBaker, Barbara _d(1947–) |
||
| 245 |
_aThird grade is trouble / _cBarbara Baker ; Illustrated by Roni Shepherd |
||
| 250 | _aThis edition first published in 2000 | ||
| 260 |
_aNew York : _bScholastic, _c1989. |
||
| 300 |
_a106 pages : _billustrations ; _c20 cm |
||
| 505 | _aP | ||
| 520 | _aLiza is convinced third grade is going to be great until she gets to school that first day and everything starts going wrong. | ||
| 521 | 8 |
_a650
_bLexile |
|
| 521 | 8 |
_aP
_bRaz-Plus |
|
| 650 |
_2Realistic fiction _aThe end of the beginning |
||
| 650 |
_2Bright green _aC school humor |
||
| 700 |
_aShepherd, Roni _dillustrator |
||
| 942 |
_2ddc _cBK _n0 |
||
| 999 |
_c6035 _d6035 |
||